000
00250nam a22000977a 4500
999
_c
11656
_d
11656
008
191119b ||||| |||| 00| 0 eng d
020
_a
9789380278537
100
_a
Stevenson,R.L.
_9
6099
245
_a
Kidnapped
260
_a
New Delhi
_b
Paperclip Books
_c
2018